000 00595 a2200217 4500
001 61737
005 20260407155908.0
008 260407a1980 arg spa d
003 AR-UNSa-BCEJYS
040 _aAR-UNSa-BCEJYS
_bspa
_cAR-UNSa-BCEJYS
080 _a347.65/.68
_xSucesiones (Herencia. Testamento)
245 1 0 _aManual de sucesiones
250 _a8a. ed.
264 1 _aBuenos Aires :
_bPerrot
_c1980
300 _a569 p.
_c23 cm.
041 _aspa
942 _cBK
590 _aniveau_biblio:m niveau_hierar:0
100 1 _aBorda, Guillermo A.
700 1 _aPeltzer, Federico J.M.
999 _c7389
_d7389